Divers (Registro nro. 87232)

Detalles MARC
000 -ENCABEZADO
Número de control [NR] 00474nam a22001577a 4500
008 - DE LONGITUD FIJA DE DATOS DE ELEMENTOS - INFORMACIÓN GENERAL
Elementos de longitud fija [NR] 130821s1923 fr gr fre
040 ## - FUENTE DE CATALOGACION [NR]
Agencia de catalogación original [NR] Co-BoUCM
Idioma de catalogación [NR] spa
041 00 - CODIGO DE IDIOMA [R]
Código de idioma para texto/pista de sonido o título separado [R] Francés
100 ## - ASIENTO PRINCIPAL--NOMBRE PERSONAL [NR]
Nombre personal [NR] Gide, André
Fechas asociadas con el nombre [NR] 1869-1951
ID Autoridad 98834
245 00 - MENCION DE TITULO [NR]
Título [NR] Divers
Mención de responsabilidad, etc. [NR] André Gide
260 ## - PUBLICACION, DISTRIBUCION, ETC. (PIE DE IMPRENTA) [R]
Lugar de publicación, distribución, etc. [R] París (Francia)
Nombre del editor, distribuidor, etc. [R] Librairie Plon et Nourrit
Fecha de publicación, distribución, etc. [R] 1923
300 ## - DESCRIPCION FISICA [R]
Extensión [R] 309 páginas
650 04 - ASIENTO SECUNDARIO DE MATERIA - TERMINO TEMATICO [R]
Término temático o nombre geográfico como elemento de entrada [NR] Literatura francesa
9 (RLIN) 7794
942 ## - ELEMENTOS DE ENTRADA AGREGADOS (KOHA)
Tipo de ítem principal el descrito en 300a Libro
Tema principal [No clasificado]
Edición 1
Título oculto en OPAC No
Sistema de clasificación NLM
Clasificación FCS F840
Existencias
Signatura topográfica Código de barras Última vez visto Volúmen / Fascículo Ejemplar Price effective from Tipo de ítem Perdido Sistema de clasificación Dañado No prestable Tipo de ítem específico Suprimido Ubicación habitual Ubicación actual Localización Fecha de creación Forma de adquisición Costo
~ 120000417 15/12/2012 FCS F840 G43 11A. ED. Ej.1 03/02/2013 Libro   LOCAL     Fondos especiales     Archivo Histórico Archivo histórico 28/02/2003 Donación 1000.00